Вы. 4; Сборник трудов

Xehetasun bibliografikoak
Parent link:Сборник трудов: ежеквартальный сборник научных статей/ Федеральное государственное унитарное преприятие "Государственный научный центр Росийской Федерации - Научно-исследовательский институт атомных реакторов". Вып. 4.— , 1997-.— 5-94831-017-5
Beste egile batzuk: Цыканов В. А. (редактор)
Hizkuntza:errusiera
Argitaratua: 2006
Gaiak:
Formatua: MixedMaterials Liburua
KOHA link:https://koha.lib.tpu.ru/cgi-bin/koha/opac-detail.pl?biblionumber=117050

MARC

LEADER 00000nam2a2200000 4500
001 117050
005 20231031123523.0
035 |a (RuTPU)RU\TPU\book\126669 
090 |a 117050 
100 |a 20070530d2006 k y0rusy50 ca 
101 0 |a rus 
102 |a RU 
105 |a a z 001zy 
200 0 |a Вы. 4  |f под ред. В. А. Цыканова 
210 |d 2006 
215 |a 44 с.  |c ил. 
320 |a Библиогр. в конце текста. 
461 1 |0 (RuTPU)RU\TPU\book\63541  |y 5-94831-017-5  |t Сборник трудов  |o ежеквартальный сборник научных статей  |f Федеральное государственное унитарное преприятие "Государственный научный центр Росийской Федерации - Научно-исследовательский институт атомных реакторов"  |v Вып. 4  |d 1997-  
610 1 |a атомная энергетика 
610 1 |a ядерные реакторы 
610 1 |a исследовательские реакторы 
610 1 |a спектрометры 
610 1 |a метрологические характеристики 
610 1 |a расчетно-экспериментальные исследования 
610 1 |a ядерная трансмутация 
610 1 |a математические модели 
610 1 |a ТВЭЛы 
610 1 |a оболочки 
675 |a 621.039.5  |v 3 
702 1 |a Цыканов  |b В. А.  |4 340 
801 1 |a RU  |b 63413507  |c 20070530  |g PSBO 
801 2 |a RU  |b 63413507  |c 20200204  |g PSBO 
942 |c BK